Word Ladder: 3,000 Hit Club Quiz Stats

 Plays Quiz Updated Aug 23, 2016

Also try: Word Ladder: MLB
Challenge
Share
Tweet
Embed
Score 0/22 Timer 03:00
0 Plays Today
Clue 4-Letter Word % Correct
4th planet from the sunMARS
96.6%
To contact someone via telephoneCALL
95.5%
DespiseHATE
95.3%
White bird that returned to Noah following the floodDOVE
92.9%
An amount of medicineDOSE
92.8%
* 3,000 hit member Yastrzemski **CARL*
91.8%
Movie featuring Lightning McQueenCARS
91.4%
* 3,000 hit member Winfield **DAVE*
89.8%
A room in Clue(do)HALL
89.3%
Someone from CopenhagenDANE
89.2%
Spreadable ground meatPÂTÉ
88.2%
Clue 4-Letter Word % Correct
* 3,000 hit members Waner and Molitor **PAUL*
87.9%
* 3,000 hit member Aaron **HANK*
87.5%
In good healthHALE
86.9%
To carry or move with difficultyHAUL
85.9%
A cloth draped over a coffinPALL
85.8%
Musty or moistDANK
84.8%
* 3,000 hit member Willie **MAYS*
84.7%
* First name of all-time hits record holder **PETE*
83.8%
* Last name of all-time hits record holder **ROSE*
79.6%
Inventor of radiation detector GeigerHANS
66%
Old Hollywood censorship codeHAYS
63.9%

Today's Daily Dose

You're not logged in!

Compare scores with friends on all Sporcle quizzes.
Join for Free
OR
Log In

You Might Also Like...

Show Comments

Extras

Top Quizzes Today


Score Distribution

Your Account Isn't Verified!

In order to create a playlist on Sporcle, you need to verify the email address you used during registration. Go to your Sporcle Settings to finish the process.

Report this User

Report this user for behavior that violates our Community Guidelines.

Details: